000 00852cab a2200253 4500
001 WB3427-24
008 090401t1998 xxu||||| |||| 00| 0 eng d
035 _a(Sirsi) u87430
041 _aeng
245 _aOral reasons will go unheard
260 _c1998
350 _a0
490 _aEstates Gazette
_v(9828) 11 July 1998, 117(1)
520 _aDiscusses "Footwear Corporation Ltd v Amplight Properties Ltd" 1998 confirming that a landlord can only rely on reasons put in writing when refusing consent for an assignment of a tenancy.
650 _aASSIGNMENT OF LEASES
650 _aFOOTWEAR CORPORATION LTD V AMPLIGHT PROPERTIES LTD
650 _aORAL INSTRUCTION
650 _aREASONABLENESS
650 _aREFUSAL
650 _aWRITTEN WORD
690 _aLANDLORD AND TENANT-BUSINESS TENANCIES
942 _n0
948 _c16/07/1998
999 _c55138
_d55138